[Event "Dieren op"]
[Site "Dieren"]
[Date "1997.??.??"]
[Round "6"]
[White "Deegens, Vincent"]
[Black "Azadmanesh, Moosa"]
[Result "1-0"]
[WhiteElo "2320"]
[BlackElo "2110"]
[PlyCount "123"]
[EventDate "1997.07.??"]
[EventType "swiss"]
[EventRounds "9"]
[EventCountry "NED"]
[SourceTitle "EXT 1998"]
[Source "ChessBase"]
[SourceDate "1997.11.17"]
[SourceVersion "1"]
[SourceVersionDate "1997.11.17"]
[SourceQuality "1"]

1. e4 c5 2. c3 d5 3. exd5 Qxd5 4. d4 Nf6 5. Nf3 Bg4 6. Be2 e6 7. h3 Bh5 8. 0-0 cxd4 9. cxd4 Nc6 10. Nc3 Qd6 11. Nb5 Qd8 12. Ne5 Bxe2 13. Qxe2 Be7 14. Rd1 0-0 15. Nxc6 bxc6 16. Nc3 Qa5 17. Qc4 Rac8 18. Be3 Nd5 19. Rac1 Nxe3 20. fxe3 Qg5 21. Qe2 Rfd8 22. Qf3 f5 23. Ne2 c5 24. Nf4 Qf6 25. d5 e5 26. Ne6 Re8 27. e4 f4 28. Rc4 Bd6 29. Rdc1 Rb8 30. b3 g5 31. Nxc5 Qg6 32. Ne6 h5 33. g4 fxg3 34. Qxg3 g4 35. hxg4 hxg4 36. Rf1 Rb7 37. Rf5 Rf7 38. Rg5 Rxe6 39. dxe6 Qxg5 40. exf7+ Kxf7 41. Qf2+ Ke6 42. b4 g3 43. Qe2 Qh4 44. a4 g2 45. Kxg2 Qg5+ 46. Kf1 Qg3 47. b5 Qh3+ 48. Ke1 Qh1+ 49. Qf1 Qh4+ 50. Kd1 Qg3 51. Kc2 Qa3 52. Qb1 Qe3 53. Qb3 Qe2+ 54. Kb1 Ke7 55. Qc2 Qf1+ 56. Kb2 Qf3 57. Rc3 Qf1 58. Qd3 Qf2+ 59. Rc2 Qe1 60. Rd2 Bb4 61. Qd7+ Kf6 62. Qf5+ 1-0

[Event "Dieren op"]
[Site "Dieren"]
[Date "1997.??.??"]
[Round "2"]
[White "Deegens, Vincent"]
[Black "Kiriakov, Petr"]
[Result "0-1"]
[WhiteElo "2320"]
[BlackElo "2505"]
[PlyCount "104"]
[EventDate "1997.07.??"]
[EventType "swiss"]
[EventRounds "9"]
[EventCountry "NED"]
[SourceTitle "EXT 1998"]
[Source "ChessBase"]
[SourceDate "1997.11.17"]
[SourceVersion "1"]
[SourceVersionDate "1997.11.17"]
[SourceQuality "1"]

1. e4 e6 2. d4 d5 3. e5 c5 4. c3 Nc6 5. Nf3 Bd7 6. Be2 Nge7 7. h4 Rc8 8. Na3 cxd4 9. cxd4 Nf5 10. Nc2 Qb6 11. g4 Nfe7 12. h5 f6 13. Kf1 Na5 14. h6 Ng6 15. b3 Bb5 16. Be3 Nc6 17. Kg2 Rc7 18. Rc1 Rf7 19. Nh4 Nxh4+ 20. Rxh4 gxh6 21. exf6 Rxf6 22. Kh1 Bg7 23. Bf3 0-0 24. Bg2 Ne7 25. g5 hxg5 26. Bxg5 R6f7 27. a4 Ba6 28. b4 Bc4 29. Ne3 Nf5 30. Nxf5 Rxf5 31. Be3 Qd8 32. Qg4 Be2 33. Qg3 Qxh4+ 34. Qxh4 Rh5 35. Qxh5 Bxh5 36. Rc7 Rf7 37. Rc8+ Rf8 38. Rc7 Rf7 39. Rc8+ Bf8 40. Bh3 Bf3+ 41. Kg1 Rg7+ 42. Kf1 Kf7 43. Bh6 Rg8 44. Bxf8 Rxf8 45. Rc7+ Kf6 46. Rxb7 Rc8 47. Kg1 Rc4 48. Rxa7 Rxb4 49. Rxh7 Rxa4 50. Rh6+ Kg5 51. Rxe6 Ra1+ 52. Kh2 Rh1+ 0-1

[Event "Dieren op"]
[Site "Dieren"]
[Date "1997.??.??"]
[Round "4"]
[White "Deegens, Vincent"]
[Black "Meijers, Viesturs"]
[Result "1/2-1/2"]
[WhiteElo "2320"]
[BlackElo "2445"]
[PlyCount "51"]
[EventDate "1997.07.??"]
[EventType "swiss"]
[EventRounds "9"]
[EventCountry "NED"]
[SourceTitle "EXT 1998"]
[Source "ChessBase"]
[SourceDate "1997.11.17"]
[SourceVersion "1"]
[SourceVersionDate "1997.11.17"]
[SourceQuality "1"]

1. e4 e5 2. Nc3 Nf6 3. Bc4 Bb4 4. f4 d6 5. d3 0-0 6. Nf3 exf4 7. 0-0 Bxc3 8. bxc3 d5 9. exd5 Nxd5 10. Bxd5 Qxd5 11. Bxf4 Bg4 12. Qd2 Nd7 13. Rab1 Rfe8 14. c4 Qc6 15. Nd4 Qc5 16. Qf2 Nb6 17. Rb5 Qe7 18. Rg5 h5 19. Nf5 Bxf5 20. Rxf5 c6 21. Rxh5 Nd7 22. Bg5 f6 23. Bf4 Qe2 24. Rh3 Qxf2+ 25. Kxf2 a6 26. a4 1/2-1/2